000 01904nam2a2200289 4500
001 RU\NLR\BIBL_A\022139130
005 20240523105803.0
010 _a978-5-00110-385-1
_bт. 2
_91000
021 _aRU
_bКН-П-24-000301
_9КН-П-24-0026
035 _a(NLR Aleph) 022139130
035 _a(RuMoRGB)012484949
090 _a12859762
_c12859762
100 _a20240215d2023 k y0rusy50 ca
101 0 _arus
102 _aRU
105 _aa j 000yy
200 1 _aТехнические средства разведки и контроля побочных электромагнитных излучений и наводок
210 _d2023
215 _a703, [1] с.
_cил., цв. ил., табл.
320 _aБиблиогр.: с. 586-616 (692 назв.)
461 0 _1001RU\NLR\BIBL_A\016332047
_12001#$aКомпрометирующие излучения$eпособие$eдля специалистов (инженерно-технических работников) в области технической защиты информации (ТЗИ)$fА. В. Лысов$gАО "Лаборатория противодействия промышленному шпионажу"$vТ. 2
_1700#1$aЛысов$bА. В.$gАндрей Владимирович
_913063636
_aЛысов, А. В.
_cСанкт-Петербург
_d2022-
_fА. В. Лысов
_nМедиапапир
_oпособие : для специалистов (инженерно-технических работников) в области технической защиты информации (ТЗИ)
_tКомпрометирующие излучения
_y978-5-00110-304-2
_vТ. 2
606 1 _aРадиоэлектронная аппаратура военная
_91380272
_3RU\NLR\AUTH\66265544
686 1 _aЦ921
942 _cBOOK
980 _aNB